Inbound marketing (Registro nro. 297283)

Detalles MARC
000 -ENCABEZADO
Número de control [NR] 01143cam a2200289Ma 4500
005 - FECHA Y HORA DE LA ÚLTIMA TRANSACCIÓN
control field 20141027082831.0
008 - DE LONGITUD FIJA DE DATOS DE ELEMENTOS - INFORMACIÓN GENERAL
Elementos de longitud fija [NR] 141027s2010 xxuad fr 001 0 eng d
020 ## - NUMERO INTERNACIONAL NORMALIZADO PARA LIBROS [R]
Número Internacional Normalizado del libro [NR] 9780470499313
040 ## - FUENTE DE CATALOGACION [NR]
Agencia de catalogación original [NR] CO-BoUCM
Idioma de catalogación [NR] spa
Quien Cataloga Jose A. Gerena
Quien Clasifica Jose A. Gerena
041 0# - CODIGO DE IDIOMA [R]
Código de idioma para texto/pista de sonido o título separado [R] Inglés
100 1# - ASIENTO PRINCIPAL--NOMBRE PERSONAL [NR]
Nombre personal [NR] Halligan, Brian
ID Autoridad 65579
245 10 - MENCION DE TITULO [NR]
Título [NR] Inbound marketing
Parte restante del título [NR] get found using Google, social media, and blogs
Mención de responsabilidad, etc. [NR] Brian Halligan, Dharmesh Shah
260 ## - PUBLICACION, DISTRIBUCION, ETC. (PIE DE IMPRENTA) [R]
Lugar de publicación, distribución, etc. [R] Hoboken (Nueva Jersey, Estados Unidos)
Nombre del editor, distribuidor, etc. [R] John Wiley & Sons
Fecha de publicación, distribución, etc. [R] 2010
300 ## - DESCRIPCION FISICA [R]
Extensión [R] xxiii, 226 páginas
Otros detalles físicos [NR] ilustraciones, cuadros, gráficas
490 ## - MENCION DE SERIE [R]
Mención de serie [R] The new rules of social media
504 ## - NOTA DE BIBLIOGRAFIA, ETC. [R]
Nota de bibliografía, etc. [NR] Incluye referencias bibliográficas e índices
610 2# - ASIENTO SECUNDARIO DE MATERIA - NOMBRE CORPORATIVO [R]
Nombre corporativo o nombre de la jurisdicción como elemento de entrada [NR] Google
Subdivisión general [R] Comercio
9 (RLIN) 65580
650 #7 - ASIENTO SECUNDARIO DE MATERIA - TERMINO TEMATICO [R]
Término temático o nombre geográfico como elemento de entrada [NR] Administración de ventas
9 (RLIN) 8582
650 #7 - ASIENTO SECUNDARIO DE MATERIA - TERMINO TEMATICO [R]
Término temático o nombre geográfico como elemento de entrada [NR] Redes sociales
Subdivisión general [R] Comercio
9 (RLIN) 23250
650 #7 - ASIENTO SECUNDARIO DE MATERIA - TERMINO TEMATICO [R]
Término temático o nombre geográfico como elemento de entrada [NR] Blogs
Subdivisión general [R] Comercio
9 (RLIN) 10173
650 #7 - ASIENTO SECUNDARIO DE MATERIA - TERMINO TEMATICO [R]
Término temático o nombre geográfico como elemento de entrada [NR] Tecnología de la información
Subdivisión general [R] Comercio
9 (RLIN) 25136
650 #7 - ASIENTO SECUNDARIO DE MATERIA - TERMINO TEMATICO [R]
Término temático o nombre geográfico como elemento de entrada [NR] Comercio electrónico
9 (RLIN) 11200
690 ## - ASUNTO AGREGADO LOCAL DE ENTRADA - TÉRMINO TEMÁTICO (OCLC, RLIN)
9 (RLIN) 42736
Acceso temático local Administración de empresas
700 1# - ASIENTO SECUNDARIO - NOMBRE PERSONAL [R]
Nombre personal [NR] Shah, Dharmesh
9 (RLIN) 65581
942 ## - ELEMENTOS DE ENTRADA AGREGADOS (KOHA)
Sistema de clasificación DEWEY
Tema principal Administración
Tipo de ítem principal el descrito en 300a Libro
Edición 1
Clasificación 658.872
Parte restante de la signatura top. H189
Existencias
Signatura topográfica Código de barras Última vez visto Ejemplar Costo de reposición Price effective from Tipo de ítem Perdido Sistema de clasificación Dañado No prestable Tipo de ítem específico Suprimido Ubicación habitual Ubicación actual Localización Fecha de creación Proveedor Forma de adquisición Costo
658.872 H189 100144021 04/12/2024 Ej.1 44288.00 24/10/2014 Libro   DEWEY     Libro   Bodega Bodega 5to piso 24/10/2014 15 Compra 38945.00